000 02113cam a2200289 4500500
005 20260208011000.0
041 _afre
042 _adc
100 1 0 _aBellantone, Andrea
_eauthor
245 0 0 _aDe la persévérance à la donation. La décision métaphysique de Ravaisson
260 _c2019.
500 _a100
520 _aIl y a un véritable changement de métaphysique dans la pensée de Ravaisson entre la perspective initiale qui attribue à l’habitude la fonction de garantir la continuité de l’esprit et de la nature et la métaphysique du don ou de l’amour des derniers textes : la loi universelle de l’être n’est plus la persistance ou la persévérance, mais la libre communication de soi. Cette nouvelle métaphysique ne se manifeste qu’à partir des années 1860 dans les publications, mais des manuscrits permettent d’en repérer une maturation bien plus précoce. Dans cette évolution, le rôle de Schelling, mais de bien d’autres aussi, est à prendre en considération.
520 _aA genuine transformation in Ravaisson’s metaphysical outlook occurred between his early view that ascribed to habit the function of guaranteeing the continuity between mind and nature and the metaphysics of gift and love of the his later writings: the universal law of being is no longer that of persistence or perseverance, but the free expression of oneself. This new metaphysics only started to appear in the writings of the 1860s, but its early unfolding could also be spotted in various manuscripts. The role of Schelling in that evolution, as well as the influence of many other authors, is worthy of notice.
690 _aamour
690 _ahabitude
690 _amétaphysique
690 _aRavaisson
690 _aSchelling
690 _ahabit
690 _alove
690 _ametaphysics
690 _aRavaisson
690 _aSchelling
786 0 _nRevue philosophique de la France et de l'étranger | 144 | 1 | 2019-01-02 | p. 49-62 | 0035-3833
856 4 1 _uhttps://shs.cairn.info/revue-philosophique-2019-1-page-49?lang=fr&redirect-ssocas=7080
999 _c1659158
_d1659158